| 000 | 01156cam a22003257a 4500 | ||
|---|---|---|---|
| 003 | CHAP | ||
| 005 | 20220817041428.0 | ||
| 008 | 110718s1968 mx r 00010 spa d | ||
| 010 | _a14204 | ||
| 011 | _a15176 | ||
| 035 | _a19251 | ||
| 040 | _cCHAP | ||
| 082 | 1 | 0 |
_a333.0972 _bG68 |
| 100 | 0 | 0 |
_aGonzález Navarro, Moisés. _949224 |
| 245 | 1 | 3 |
_aLa Confederación Nacional Campesina : _bun grupo de presión en la reforma agraria Mexicana _c/por Moisés González Navarro |
| 260 |
_aMéxico, D.F. : _bCosta-Amic, _c1968 |
||
| 300 | _a333 p. | ||
| 590 |
_aBATCH-UPD _b10 _c20130110 _lUCH01 _h0952 |
||
| 590 |
_aBATCH-UPD _b10 _c20130410 _lUCH01 _h0606 |
||
| 590 |
_aBATCH-UPD _b10 _c20130914 _lUCH01 _h0826 |
||
| 590 |
_aCONVERSION _b10 _c20130109 _lUCH01 _h1309 |
||
| 650 | 1 | 4 |
_aAgricultura _xSociedades. _91797 |
| 650 | 1 | 4 |
_aCampesinado _zMéxico. |
| 650 | 1 | 4 |
_aReforma agraria _zMéxico. _995596 |
| 650 | 1 | 4 |
_aTierras _xTenencia _zMéxico. _9113215 |
| 901 | _aBK | ||
| 942 | _cLIBRO | ||
| 949 |
_a333.0972 G68 _bBC _cLIBRO _d33724000324729 _eLIBRO _h53669 _i19251 _mD _si |
||
| 949 |
_a333.0972 G68 _bBC _cLIBRO _d33724002243116 _eLIBRO _fc.2 _gDonaciØn _h115236 _i19251 _sb |
||
| 999 |
_c14204 _d14204 |
||